00676nam a22001577a 4500003000900000005001700009008004100026040001300067245002100080260002500101300002000126520024300146942001200389999001700401952010000418IT-RoPau20220918181108.0130614b xxu||||| |||| 00| 0 eng d cIT-RoPau aSanta Tecla 1963 aRomabTip. FSPc1963 a40 pp.c17,5 cm aIndice Triduo di preghiere in preparazione alla festa di Santa Tecla 1° giorno - Vocazione Paolina: la chiamata da parte di Dio 2° giorno - Vocazione Paolina: risposta da parte nostra 3° giorno - Vocazione Paolina: comunione con DIo.  2ddccBK c98755d98755 00102ddc406P_D271aPAULUSbPAULUSd2013-06-14l0oP D2r2013-06-14 00:00:00w2013-06-14yBK